000
00207 a2200097 4500
001
20003
100
_a
Beiser, A
245
_a
Concept of modern physics
260
_a
_b
Mcgraw-Hill
_c
090
_c
14597
_d
14597
942
_a
NUST-CAE
_c
M
_c
5110
999
_c
255076
_d
255076